[Event "2.BLN 1617 SK Norderstedt - Turm Kiel"]
[Site "?"]
[Date "2017.03.19"]
[Round "7.5"]
[White "Berg, Klaus"]
[Black "Krause, Benedict"]
[Result "1/2-1/2"]
[WhiteElo "2347"]
[BlackElo "2407"]
[PlyCount "71"]
[EventDate "2017.??.??"]

1. c4 g6 2. Nc3 c5 3. g3 Bg7 4. Bg2 Nc6 5. e3 e6 6. Nge2 Nge7 7. d4 cxd4 8.
Nxd4 d5 9. cxd5 Nxd5 10. Nxd5 exd5 11. O-O Nxd4 12. exd4 O-O 13. Qb3 Qb6 14.
Bxd5 Qxb3 15. axb3 Rd8 16. Re1 Bg4 17. Bxb7 Rab8 18. Bg2 Bxd4 19. Bg5 Re8 20.
Bd5 Be6 21. Bf4 Rbc8 22. Bxe6 Rxe6 23. Rxe6 fxe6 24. Be3 Bxe3 25. fxe3 Rc2 26.
Rxa7 Rxb2 27. Re7 Rxb3 28. Rxe6 Kf7 29. Re4 Kf6 30. h4 Rb2 31. g4 h5 32. g5+
Kf5 33. Rf4+ Ke5 34. Kf1 Rh2 35. Ke1 Ra2 36. Kf1 {(=)} 1/2-1/2

[Event "2.BLN 1617 SK Norderstedt - Turm Kiel"]
[Site "?"]
[Date "2017.03.19"]
[Round "7.6"]
[White "Powierski, Emil"]
[Black "Boe, Mads"]
[Result "1/2-1/2"]
[WhiteElo "2317"]
[BlackElo "2325"]
[PlyCount "75"]
[EventDate "2017.??.??"]

1. e4 c6 2. Nc3 d5 3. Nf3 Bg4 4. h3 Bxf3 5. Qxf3 e6 6. Be2 Nf6 7. O-O Be7 8. d4
dxe4 9. Qe3 Nbd7 10. Nxe4 Nxe4 11. Qxe4 Nf6 12. Qd3 Qd6 13. c3 O-O 14. Qf3 Qd5
15. Qxd5 exd5 16. Bf4 Rfe8 17. Rae1 Bf8 18. Bd3 g6 19. g4 Rad8 20. Be5 Nd7 21.
Bc7 Rc8 22. Bf4 Bg7 23. Bd2 Bf8 24. Kg2 Bd6 25. f4 f6 26. h4 Rxe1 27. Rxe1 Kf7
28. f5 Rg8 29. Rh1 Be7 30. Kf3 Nf8 31. c4 gxf5 32. gxf5 Bd6 33. Be1 Nd7 34. Bf2
c5 35. cxd5 cxd4 36. Rg1 Ne5+ 37. Ke2 Re8 38. Rd1 {(=)} 1/2-1/2

[Event "2.BLN 1617 SK Norderstedt - Turm Kiel"]
[Site "?"]
[Date "2017.03.19"]
[Round "7.7"]
[White "Junge, Ralph"]
[Black "Polischuk, Viktor"]
[Result "1/2-1/2"]
[WhiteElo "2271"]
[BlackElo "2295"]
[PlyCount "21"]
[EventDate "2017.??.??"]

1. d4 Nf6 2. c4 e6 3. Nc3 Bb4 4. f3 d5 5. a3 Bxc3+ 6. bxc3 O-O 7. e3 b6 8. cxd5
exd5 9. Bd3 c5 10. Ne2 Ba6 11. Bxa6 {(=)} 1/2-1/2

[Event "2.BLN 1617 SK Norderstedt - Turm Kiel"]
[Site "?"]
[Date "2017.03.19"]
[Round "7.8"]
[White "Michna, Christian"]
[Black "Budzyn, Matthias"]
[Result "1/2-1/2"]
[WhiteElo "2259"]
[BlackElo "2132"]
[PlyCount "53"]
[EventDate "2017.??.??"]

1. d4 Nf6 2. Bg5 d5 3. Bxf6 exf6 4. e3 Be6 5. g3 c6 6. Bg2 Nd7 7. Ne2 Bd6 8.
O-O O-O 9. Nd2 f5 10. b3 Nf6 11. c3 Ne4 12. Rc1 Qa5 13. Rc2 Rac8 14. Nb1 Qd8
15. c4 Qg5 16. Qd3 Rfd8 17. Nbc3 dxc4 18. bxc4 Nxc3 19. Qxc3 Qe7 20. Rb1 b5 21.
cxb5 cxb5 22. Qd2 Rxc2 23. Qxc2 Rc8 24. Qd2 Bc4 25. d5 Bxe2 26. Qxe2 b4 27. Qd3
{(=)} 1/2-1/2

[Event "2.BLN 1617 HSK Lister Turm - Turm Kiel"]
[Site "?"]
[Date "2017.04.23"]
[Round "8.1"]
[White "Glud, Jakob Vang"]
[Black "Schneider, Ilja"]
[Result "1/2-1/2"]
[WhiteElo "2521"]
[BlackElo "2516"]
[PlyCount "87"]
[EventDate "2017.??.??"]

1. c4 c6 2. Nf3 d5 3. g3 Nf6 4. Bg2 Bg4 5. cxd5 cxd5 6. Ne5 Bf5 7. O-O Nbd7 8.
d4 e6 9. Nc3 Be7 10. Qb3 Qb6 11. Qxb6 Nxb6 12. a4 Nbd7 13. Bf4 Nxe5 14. dxe5
Nd7 15. e4 dxe4 16. Nxe4 Bxe4 17. Bxe4 O-O-O 18. Rfd1 Kb8 19. h4 h6 20. h5 Bg5
21. Bc2 Nb6 22. Bb3 Rxd1+ 23. Rxd1 Kc7 24. Kg2 Rd8 25. a5 Nc8 26. Rxd8 Kxd8 27.
Bxg5+ hxg5 28. Kf3 Ne7 29. Ba4 Nf5 30. Ke4 Ke7 31. Bd1 Kd7 32. Kd3 Kc6 33. Kc4
b5+ 34. axb6 axb6 35. Bf3+ Kd7 36. Be4 Ne7 37. g4 Ng8 38. f3 Nh6 39. Bc2 f5 40.
Bd1 fxg4 41. fxg4 Nf7 42. Kd4 Kc6 43. Ba4+ Kc7 44. Bd1 1/2-1/2

[Event "2.BLN 1617 HSK Lister Turm - Turm Kiel"]
[Site "?"]
[Date "2017.04.23"]
[Round "8.2"]
[White "Voege, Tobias"]
[Black "Pakleza, Zbigniew"]
[Result "1/2-1/2"]
[WhiteElo "2261"]
[BlackElo "2489"]
[PlyCount "40"]
[EventDate "2017.??.??"]

1. c4 d6 2. Nc3 e5 3. g3 Nf6 4. Bg2 Be7 5. e3 O-O 6. Nge2 c6 7. O-O Be6 8. b3
d5 9. cxd5 Nxd5 10. Bb2 Nxc3 11. Bxc3 Bf6 12. d4 Nd7 13. Qc2 Qe7 14. Rfd1 Rfd8
15. h3 exd4 16. Nxd4 Nf8 17. Rd2 c5 18. Nxe6 Rxd2 19. Qxd2 Nxe6 20. Bxf6 Qxf6
1/2-1/2

[Event "2.BLN 1617 HSK Lister Turm - Turm Kiel"]
[Site "?"]
[Date "2017.04.23"]
[Round "8.3"]
[White "Stopa, Jacek"]
[Black "Petkidis, Anthony"]
[Result "1-0"]
[WhiteElo "2451"]
[BlackElo "2264"]
[PlyCount "131"]
[EventDate "2017.??.??"]

1. d4 d5 2. Bg5 c6 3. Nf3 Bf5 4. e3 h6 5. Bh4 Qb6 6. b3 e6 7. Bd3 Bxd3 8. Qxd3
Nd7 9. O-O Ngf6 10. c4 Be7 11. Nc3 O-O 12. c5 Qd8 13. b4 a5 14. b5 e5 15. Qf5
g6 16. Qc2 Nh5 17. Bxe7 Qxe7 18. bxc6 bxc6 19. Rab1 exd4 20. exd4 Ra7 21. Rfe1
Qf6 22. Na4 Ng7 23. Nb6 Nb8 24. Qd2 Nf5 25. Rb3 Kg7 26. h3 Rd8 27. Qf4 Na6 28.
g4 Ne7 29. Qd2 Nc7 30. Ne5 Qh4 31. Rf3 f5 32. Rg3 fxg4 33. hxg4 Qg5 34. f4 Qh4
35. Kg2 Ne6 36. Nxg6 Nxg6 37. Rxe6 Re7 38. Rxe7+ Qxe7 39. f5 Qe4+ 40. Kh2 Nh8
41. Na4 Re8 42. Nc3 Qe7 43. Rf3 Qh4+ 44. Rh3 Qf6 45. Ne2 Nf7 46. Nf4 Kg8 47.
Ne6 Kh7 48. Kg2 Rg8 49. Qf4 Kh8 50. Kf3 Kh7 51. Rh1 Qe7 52. Qc7 Qxc7 53. Nxc7
Rb8 54. Re1 Rb4 55. Re7 Kg8 56. Ke3 Ng5 57. Ne6 Ra4 58. Rg7+ Kh8 59. Rc7 Rxa2
60. Rxc6 Nxe6 61. Rxe6 Kg7 62. Rg6+ Kh7 63. Ra6 Ra4 64. Ra7+ Kg8 65. c6 Rc4 66.
c7 1-0

[Event "2.BLN 1617 HSK Lister Turm - Turm Kiel"]
[Site "?"]
[Date "2017.04.23"]
[Round "8.4"]
[White "Hoerstmann, Martin"]
[Black "Hoi, Carsten"]
[Result "1-0"]
[WhiteElo "2256"]
[BlackElo "2372"]
[PlyCount "143"]
[EventDate "2017.??.??"]

1. d4 Nf6 2. c4 c5 3. d5 d6 4. Nc3 g6 5. e4 Bg7 6. Bd3 O-O 7. h3 a6 8. Nf3 e5
9. Bg5 Nbd7 10. Qd2 Rb8 11. a4 Kh8 12. g4 Qe8 13. O-O-O b5 14. axb5 axb5 15.
cxb5 Ra8 16. Qe2 Nb6 17. Kc2 Nfd7 18. Nd2 f5 19. f3 f4 20. Bh4 Bb7 21. Ra1 Bf6
22. Bf2 Qe7 23. Rhb1 Rfc8 24. Ra3 Bh4 25. Rxa8 Rxa8 26. Bg1 Qd8 27. b3 Qb8 28.
Qf1 Qa7 29. Rb2 Kg7 30. Ra2 Qb8 31. Kb2 Rxa2+ 32. Nxa2 h6 33. Nc3 Qc7 34. Kc2
Bc8 35. Qa1 h5 36. Kd1 hxg4 37. hxg4 Kf6 38. Qa5 Kf7 39. b4 Bd8 40. Be2 Ke7 41.
Nb3 c4 42. Nd2 Qb8 43. Qa2 Bc7 44. Bf2 g5 45. Kc2 Bb7 46. Qa1 Qh8 47. Qa7 Qc8
48. Bxc4 Bd8 49. Qa2 Na8 50. Be2 Bb6 51. Bxb6 Naxb6 52. Qa1 Nf6 53. Kb2 Kf8 54.
Qa7 Nfd7 55. Nb3 Qa8 56. Qxa8+ Nxa8 57. Nd1 Nab6 58. Nf2 Nf6 59. Nh3 Nh7 60.
Na5 Bc8 61. Nc4 Nxc4+ 62. Bxc4 Ke7 63. Kb3 Kd8 64. Ka4 Kc7 65. Ka5 Kb7 66. b6
Nf6 67. Nxg5 Kb8 68. Nf7 Bxg4 69. fxg4 Nxe4 70. g5 Ng3 71. g6 Nf5 72. Nxd6 1-0

[Event "2.BLN 1617 HSK Lister Turm - Turm Kiel"]
[Site "?"]
[Date "2017.04.23"]
[Round "8.5"]
[White "Boe, Mads"]
[Black "Hampel, Felix"]
[Result "1/2-1/2"]
[WhiteElo "2311"]
[BlackElo "2217"]
[PlyCount "128"]
[EventDate "2017.??.??"]

1. d4 g6 2. e4 Bg7 3. Nc3 d6 4. Be3 a6 5. Qd2 b5 6. f3 Nd7 7. h4 Ngf6 8. Bh6
Bxh6 9. Qxh6 b4 10. Nd1 c5 11. d5 Ne5 12. Ne3 Qc7 13. Nh3 c4 14. Nf2 Qc5 15.
Ned1 Bd7 16. Be2 a5 17. O-O e6 18. dxe6 fxe6 19. Qe3 Rc8 20. a3 Ke7 21. axb4
axb4 22. f4 Nf7 23. Qxc5 Rxc5 24. g4 h6 25. Ne3 c3 26. b3 Rc7 27. Bf3 g5 28. e5
dxe5 29. fxg5 hxg5 30. h5 Nd6 31. Ra5 e4 32. Bg2 Rg8 33. Rd1 Bc6 34. Rd4 Rb7
35. Ra6 Bd5 36. Ra4 Rgb8 37. Kh2 Bc6 38. Ra5 Rb5 39. Ra6 e5 40. Rd1 R5b6 41.
Ra5 Bb5 42. Kg3 Ke6 43. Nh3 Nf7 44. Nf2 Nd6 45. Nh3 Rg8 46. Bf1 Bxf1 47. Rxf1
Nd7 48. Rd1 Nf6 49. Ra7 Nb5 50. Ra5 Nd4 51. Nc4 Rb5 52. Ra6+ Ke7 53. Ra7+ Ke6
54. h6 Rd5 55. Rda1 Rd7 56. h7 Nxh7 57. R1a6+ Ke7 58. Rxd7+ Kxd7 59. Ra7+ Ke6
60. Rxh7 Nxc2 61. Rh6+ Ke7 62. Rh7+ Ke6 63. Rh6+ Ke7 64. Rh7+ Ke6 1/2-1/2

[Event "2.BLN 1617 HSK Lister Turm - Turm Kiel"]
[Site "?"]
[Date "2017.04.23"]
[Round "8.6"]
[White "Hoerstmann, Rudi"]
[Black "Junge, Ralph"]
[Result "1/2-1/2"]
[WhiteElo "2260"]
[BlackElo "2275"]
[PlyCount "98"]
[EventDate "2017.??.??"]

1. d4 e6 2. c4 b6 3. a3 f5 4. Nc3 Bb7 5. Nf3 Nf6 6. g3 Ne4 7. Bd2 Be7 8. Bg2
O-O 9. O-O Bf6 10. Rc1 Nc6 11. Be3 Ne7 12. Nxe4 Bxe4 13. b4 a6 14. Qb3 b5 15.
Bg5 Bxg5 16. Nxg5 Bxg2 17. Kxg2 bxc4 18. Rxc4 Nd5 19. Nf3 Qe7 20. Rc5 Rfb8 21.
Qd3 c6 22. Rfc1 Rb5 23. Ne5 h6 24. Nc4 Qg5 25. e3 Qe7 26. Na5 Nf6 27. R5c2 Nd5
28. f3 Qg5 29. Re1 f4 30. e4 Ne3+ 31. Rxe3 fxe3 32. f4 Qg4 33. Nc4 Qg6 34. Qxe3
Rf8 35. Nd6 Rd5 36. Nb7 Rb5 37. Nc5 Rd8 38. Nxa6 Ra8 39. Nc7 Rxa3 40. Qxa3
Qxe4+ 41. Kg1 Qe1+ 42. Kg2 Qe4+ 43. Kg1 Qxc2 44. Nxb5 Qd1+ 45. Kg2 Qe2+ 46. Kg1
Qe1+ 47. Kg2 Qe2+ 48. Kg1 Qe1+ 49. Kg2 Qe2+ 1/2-1/2

[Event "2.BLN 1617 HSK Lister Turm - Turm Kiel"]
[Site "?"]
[Date "2017.04.23"]
[Round "8.7"]
[White "Budzyn, Matthias"]
[Black "Gentemann, Moritz"]
[Result "0-1"]
[WhiteElo "2122"]
[BlackElo "2191"]
[PlyCount "142"]
[EventDate "2017.??.??"]

1. e4 c5 2. c3 Nf6 3. e5 Nd5 4. Nf3 d6 5. d4 cxd4 6. Qxd4 e6 7. Nbd2 Nc6 8. Bb5
f6 9. exd6 Bxd6 10. Nc4 Be7 11. Qg4 O-O 12. O-O a6 13. Bxc6 bxc6 14. Nd4 Qd7
15. Re1 e5 16. Qxd7 Bxd7 17. Nb3 Kf7 18. Ne3 a5 19. Nxd5 cxd5 20. Be3 Rfc8 21.
Rad1 a4 22. Nc1 Be6 23. a3 g5 24. Nd3 h6 25. h3 Rc4 26. Nb4 Rd8 27. Rd3 d4 28.
cxd4 exd4 29. Bd2 Bf5 30. Rf3 Bh7 31. b3 axb3 32. Rxb3 Rd7 33. h4 Ra7 34. hxg5
hxg5 35. Rh3 Kg7 36. Rb3 Rd7 37. a4 Bc2 38. Nxc2 Rxc2 39. Rd3 Ra2 40. a5 Bc5
41. Rc1 Ba7 42. g3 Kg6 43. Kg2 g4 44. Re1 Kf5 45. Re8 Bc5 46. Be1 Rd5 47. Bd2
Re5 48. Rxe5+ fxe5 49. Bh6 Ke4 50. Rd1 Rxa5 51. Re1+ Kd5 52. Re2 Ra3 53. Rc2 e4
54. Rxc5+ Kxc5 55. Bf8+ Kc4 56. Bxa3 Kc3 57. Kf1 Kd2 58. Bb4+ Kd1 59. Ba5 d3
60. Bb4 d2 61. Kg2 Ke2 62. Bxd2 Kxd2 63. Kf1 e3 64. fxe3 Kxe3 65. Kg2 Ke2 66.
Kg1 Kf3 67. Kh2 Kf2 68. Kh1 Kxg3 69. Kg1 Kh3 70. Kh1 g3 71. Kg1 g2 0-1

[Event "2.BLN 1617 HSK Lister Turm - Turm Kiel"]
[Site "?"]
[Date "2017.04.23"]
[Round "8.8"]
[White "Virag, Attila Aba"]
[Black "Olsen, Filip Boe"]
[Result "1/2-1/2"]
[WhiteElo "2274"]
[BlackElo "2197"]
[PlyCount "120"]
[EventDate "2017.??.??"]

1. e4 c6 2. d4 d5 3. e5 Bf5 4. Nf3 e6 5. Be2 c5 6. c3 Nc6 7. O-O cxd4 8. cxd4
Nge7 9. Nc3 Bg4 10. Be3 Nf5 11. a3 Be7 12. b4 O-O 13. Na4 f6 14. b5 Na5 15.
exf6 Bxf6 16. Nc5 b6 17. Nb3 Nxb3 18. Qxb3 Bxf3 19. Bxf3 Bxd4 20. Rad1 Bxe3 21.
Bxd5 Bd4 22. Bxe6+ Kh8 23. Qd3 Bc5 24. Bxf5 Qxd3 25. Bxd3 Bxa3 26. Be4 Rad8 27.
f3 Bc5+ 28. Kh1 g6 29. g3 Kg7 30. Kg2 Kf6 31. h4 Kg7 32. Kh3 Be7 33. Ra1 Rd7
34. Rfc1 Rfd8 35. Rc4 Bd6 36. Ra2 Be5 37. Kg4 Bb8 38. Rac2 Rd1 39. f4 Re1 40.
h5 Re3 41. hxg6 hxg6 42. R2c3 Rxc3 43. Rxc3 Bd6 44. Rc6 Kf6 45. Bc2 Rd7 46. Bb3
Rd8 47. Bc4 Rd7 48. Bd5 Rd8 49. Be4 Rd7 50. Rc8 Re7 51. Bc2 Rc7 52. Rxc7 Bxc7
53. Bb3 Bd6 54. Kh4 Bc7 55. Kg4 Bd6 56. Bc2 Bc7 57. Kf3 g5 58. Ke4 gxf4 59.
gxf4 Bd6 60. f5 Bc5 1/2-1/2

[Event "2.BLN 1617 Hamburger SK - SK Nordersted"]
[Site "?"]
[Date "2017.04.23"]
[Round "8.1"]
[White "Trent, Lawrence"]
[Black "Colpe, Malte"]
[Result "1/2-1/2"]
[WhiteElo "2449"]
[BlackElo "2402"]
[PlyCount "114"]
[EventDate "2017.??.??"]

1. Nf3 Nf6 2. g3 g6 3. b3 Bg7 4. Bb2 O-O 5. Bg2 d6 6. d4 c5 7. O-O cxd4 8. Nxd4
d5 9. c4 e5 10. Nc2 d4 11. e3 d3 12. Ne1 e4 13. Nd2 Bg4 14. f3 exf3 15. Ndxf3
Nc6 16. Nxd3 Qe7 17. Qc1 Rfe8 18. Nd4 Bd7 19. Nf4 Rac8 20. Nb5 Nb4 21. Nc3 Bh6
22. Kh1 Bc6 23. Qd2 Bxg2+ 24. Qxg2 Bxf4 25. exf4 Nd3 26. Rad1 Rcd8 27. Ba1 Qc5
28. Qf3 Re3 29. Na4 Rxf3 30. Nxc5 Rxf1+ 31. Rxf1 Ng4 32. Ne4 f5 33. Nf6+ Nxf6
34. Bxf6 Re8 35. Bd4 a6 36. Rd1 Nb4 37. Be5 Nc6 38. Rd5 Nxe5 39. fxe5 Kf7 40.
Kg2 Ke6 41. a4 g5 42. Kf3 Rf8 43. h4 gxh4 44. gxh4 Rg8 45. Rd6+ Kxe5 46. Rd7 b6
47. Rxh7 Rd8 48. Re7+ Kf6 49. Rb7 Rd3+ 50. Ke2 Rxb3 51. a5 b5 52. cxb5 axb5 53.
Rb6+ Kg7 54. a6 Ra3 55. h5 b4 56. Kf2 b3 57. Kf3 b2+ 1/2-1/2

[Event "2.BLN 1617 Hamburger SK - SK Nordersted"]
[Site "?"]
[Date "2017.04.23"]
[Round "8.2"]
[White "Engel, Luis"]
[Black "Ostrovskiy, Andrey"]
[Result "1/2-1/2"]
[WhiteElo "2362"]
[BlackElo "2456"]
[PlyCount "98"]
[EventDate "2017.??.??"]

1. c4 Nf6 2. Nc3 e6 3. Nf3 Bb4 4. g3 O-O 5. Bg2 d5 6. cxd5 exd5 7. d4 c6 8. O-O
Nbd7 9. Bf4 Re8 10. Rc1 Nb6 11. Ne5 a5 12. Qc2 Nh5 13. Bd2 Bd6 14. Nf3 Nf6 15.
b3 Bg4 16. Rfe1 h6 17. Rcd1 Qd7 18. Qc1 a4 19. Bf4 Bxf3 20. Bxf3 axb3 21. Bxd6
Qxd6 22. axb3 Qb4 23. Qb2 Nc4 24. Qc2 Na3 25. Qb2 Nc4 26. Qc2 Ra3 27. Rb1 Nd6
28. e3 Rea8 29. Rec1 g6 30. Rb2 Ra1 31. Kg2 Rxc1 32. Qxc1 Kg7 33. Qc2 Ra1 34.
Ra2 Rxa2 35. Nxa2 Qe1 36. Nc1 Nf5 37. Qb2 h5 38. Nd3 Qa5 39. h4 Qa8 40. Nc5 Nd6
41. Nd3 Qa5 42. Ne5 Qb4 43. Nd3 Qa5 44. Ne5 Kg8 45. Qe2 Kg7 46. Qb2 Kg8 47. Qc2
Kg7 48. Qb2 Kf8 49. Qc2 Kg7 1/2-1/2

[Event "2.BLN 1617 Hamburger SK - SK Nordersted"]
[Site "?"]
[Date "2017.04.23"]
[Round "8.3"]
[White "Kopylov, Michael"]
[Black "Kramer, Julian"]
[Result "1/2-1/2"]
[WhiteElo "2431"]
[BlackElo "2334"]
[PlyCount "108"]
[EventDate "2017.??.??"]

1. d4 Nf6 2. c4 g6 3. g3 c6 4. Bg2 d5 5. Nf3 Bg7 6. cxd5 cxd5 7. Ne5 Nfd7 8.
Bxd5 Nxe5 9. dxe5 e6 10. Bg2 Qxd1+ 11. Kxd1 Bxe5 12. Na3 O-O 13. Nc4 Bf6 14.
Be3 Nc6 15. Bxc6 bxc6 16. Rc1 c5 17. Kc2 Bb7 18. f3 Bd4 19. Bxd4 cxd4 20. Kd3
Rfd8 21. b4 Rab8 22. a3 Ba6 23. Kd2 Rd5 24. f4 Bb5 25. Ne5 f6 26. Ng4 Kf7 27.
Rc7+ Rd7 28. Rhc1 Rb7 29. Rxb7 Rxb7 30. Rc8 e5 31. Rd8 exf4 32. Rxd4 Re7 33.
Rxf4 Rxe2+ 34. Kd1 Re6 35. Kd2 h5 36. Ne3 Rd6+ 37. Kc2 g5 38. Rf2 Rd3 39. a4
Rxe3 40. axb5 Re5 41. Kd3 Rxb5 42. Ra2 Rb7 43. Ke3 Kg6 44. Ra4 Kf5 45. h3 Rd7
46. Kf3 g4+ 47. hxg4+ hxg4+ 48. Kf2 Re7 49. b5 Rc7 50. Kf1 Re7 51. Kf2 Rb7 52.
Ke3 Ke5 53. Ra5 Rb6 54. Rxa7 Rxb5 1/2-1/2

[Event "2.BLN 1617 Hamburger SK - SK Nordersted"]
[Site "?"]
[Date "2017.04.23"]
[Round "8.5"]
[White "Krause, Benedict"]
[Black "Sehner, Norbert"]
[Result "1-0"]
[WhiteElo "2417"]
[BlackElo "2340"]
[PlyCount "61"]
[EventDate "2017.??.??"]

1. e4 c6 2. d4 d5 3. Nd2 dxe4 4. Nxe4 Nf6 5. Nxf6+ gxf6 6. c3 Qd5 7. Ne2 e5 8.
Be3 h5 9. h4 Bg4 10. Qb3 Qxb3 11. axb3 a6 12. Ng3 Nd7 13. Be2 Bxe2 14. Kxe2
O-O-O 15. Rad1 Re8 16. d5 c5 17. d6 Re6 18. Ne4 Rg8 19. g3 b6 20. b4 c4 21. f3
Kb7 22. Rd5 Re8 23. Rhd1 Rd8 24. Kd2 Nb8 25. Kc2 Rd7 26. b3 cxb3+ 27. Kxb3 b5
28. c4 bxc4+ 29. Kxc4 Bg7 30. Rc5 Bh8 31. Kd5 1-0

[Event "2.BLN 1617 Hamburger SK - SK Nordersted"]
[Site "?"]
[Date "2017.04.23"]
[Round "8.6"]
[White "Meissner, Felix"]
[Black "Powierski, Emil"]
[Result "1-0"]
[WhiteElo "2294"]
[BlackElo "2321"]
[PlyCount "71"]
[EventDate "2017.??.??"]

1. d4 Nf6 2. Nc3 d6 3. e4 e5 4. Nf3 Nbd7 5. Bc4 Be7 6. O-O O-O 7. Re1 c6 8. a4
a5 9. Ba2 exd4 10. Nxd4 Nc5 11. Qf3 Bg4 12. Qg3 Qd7 13. h3 Be6 14. Bh6 Nh5 15.
Qf3 Nf6 16. Bf4 d5 17. exd5 cxd5 18. Bb3 Nfe4 19. Ncb5 Rac8 20. Rad1 Nxb3 21.
cxb3 Bb4 22. Re2 Qe7 23. Qh5 g6 24. Qh6 Rfd8 25. f3 Nc5 26. Kh1 Qf8 27. Qh4 Bd7
28. Bh6 Bxb5 29. Nxb5 Re8 30. Bxf8 Rxe2 31. Nd4 Rxb2 32. Bh6 Nd7 33. Nf5 Rxb3
34. Qd4 Bf8 35. Bxf8 Kxf8 36. Qh8# 1-0

[Event "2.BLN 1617 Hamburger SK - SK Nordersted"]
[Site "?"]
[Date "2017.04.23"]
[Round "8.7"]
[White "Michna, Christian"]
[Black "Gruenter, Martin"]
[Result "1-0"]
[WhiteElo "2267"]
[BlackElo "2212"]
[PlyCount "125"]
[EventDate "2017.??.??"]

1. e4 c5 2. b3 d6 3. Bb2 e6 4. f4 Nf6 5. Bb5+ Nc6 6. d3 Bd7 7. Nf3 Be7 8. O-O
O-O 9. Nc3 a6 10. Bxc6 Bxc6 11. e5 Ng4 12. Qe2 dxe5 13. h3 Bxf3 14. Rxf3 Nh6
15. fxe5 Nf5 16. Qf2 Nd4 17. Re3 Bh4 18. g3 Bg5 19. Re4 f6 20. exf6 Rxf6 21.
Qg2 Rf3 22. Rae1 Qf6 23. Nd1 Rf8 24. c3 Bd2 25. cxd4 Bxe1 26. Rxe1 cxd4 27. Ba3
Rf7 28. Bd6 Rxd3 29. Qe2 Rf3 30. Bf4 Rxf4 31. gxf4 Qxf4 32. Qg4 Qxg4+ 33. hxg4
Rf4 34. Rxe6 Rxg4+ 35. Kf2 Kf7 36. Rb6 Rf4+ 37. Kg3 Rf1 38. Nb2 Ra1 39. a4 Rc1
40. Kf4 Rc2 41. Rxb7+ Ke6 42. Nd3 g5+ 43. Ke4 h5 44. Rb6+ Kf7 45. Ne5+ Kf8 46.
Rf6+ Ke8 47. Rxa6 Rb2 48. b4 h4 49. Rb6 Kd8 50. Rh6 Kc7 51. Rh7+ Kc8 52. Nd3
Rh2 53. Kf5 Rd2 54. Nc5 d3 55. Ke4 Ra2 56. Nxd3 Rxa4 57. Rh5 Ra7 58. Rh8+ Kb7
59. Rh7+ Kb6 60. Rxa7 Kxa7 61. Nf2 Kb6 62. Kd4 Kb5 63. Kc3 1-0

[Event "2.BLN 1617 Hamburger SK - SK Nordersted"]
[Site "?"]
[Date "2017.04.23"]
[Round "8.8"]
[White "Doberitz, Paul"]
[Black "Kahlert, Thomas"]
[Result "1-0"]
[WhiteElo "2182"]
[BlackElo "2239"]
[PlyCount "67"]
[EventDate "2017.??.??"]

1. c4 e5 2. a3 g6 3. Nc3 Bg7 4. g3 Nc6 5. Bg2 d6 6. e3 a5 7. Nge2 f5 8. d3 Nf6
9. O-O O-O 10. Rb1 Be6 11. Nd5 Bf7 12. Nec3 Qd7 13. Bd2 Kh8 14. b4 axb4 15.
axb4 Nxd5 16. Nxd5 Rfb8 17. Qc2 Ne7 18. b5 Nc8 19. b6 Nxb6 20. Nxb6 cxb6 21.
Rxb6 d5 22. Rfb1 dxc4 23. dxc4 e4 24. Bc3 Qd3 25. Bxg7+ Kxg7 26. Qb2+ Kg8 27.
Bf1 Qd7 28. h4 Qe7 29. Kg2 Ra4 30. Qb5 Ra2 31. c5 Rc2 32. c6 f4 33. Rxb7 Rxb7
34. cxb7 1-0

[Event "2.BLN 1617 SV Werder Bremen - Glückauf"]
[Site "?"]
[Date "2017.04.23"]
[Round "8.1"]
[White "Moranda, Wojciech"]
[Black "Fish, Gennadij"]
[Result "1-0"]
[WhiteElo "2592"]
[BlackElo "2460"]
[PlyCount "69"]
[EventDate "2017.??.??"]

1. d4 d5 2. c4 e6 3. Nf3 c5 4. cxd5 exd5 5. Bg5 Be7 6. Bxe7 Qxe7 7. Nc3 Nf6 8.
dxc5 Qxc5 9. e3 Nc6 10. Bb5 O-O 11. Rc1 Bg4 12. O-O Rfd8 13. Bxc6 bxc6 14. h3
Bxf3 15. Qxf3 Qb4 16. b3 c5 17. Rfd1 d4 18. exd4 cxd4 19. Ne2 Qa3 20. Rc2 h6
21. Rxd4 Re8 22. Kh2 a5 23. Ng3 Qe7 24. Qf4 Rad8 25. Rxd8 Rxd8 26. Re2 Qb4 27.
Qc7 Rd7 28. Qc8+ Kh7 29. Ne4 Qd4 30. Nxf6+ gxf6 31. Re3 Rd8 32. Qf5+ Kh8 33.
Rf3 Qd6+ 34. g3 Qe5 35. Qxf6+ 1-0

[Event "2.BLN 1617 SV Werder Bremen - Glückauf"]
[Site "?"]
[Date "2017.04.23"]
[Round "8.2"]
[White "Joachim, Sven"]
[Black "Kanarek, Marcel"]
[Result "0-1"]
[WhiteElo "2403"]
[BlackElo "2519"]
[PlyCount "62"]
[EventDate "2017.??.??"]

1. e4 c5 2. Nc3 d6 3. f4 Nc6 4. Nf3 g6 5. Bb5 Bd7 6. O-O Bg7 7. d3 a6 8. Bxc6
Bxc6 9. Qe1 Nf6 10. Kh1 Nd7 11. Qg3 b5 12. f5 b4 13. Ne2 Ne5 14. Nf4 Nxf3 15.
Qxf3 O-O 16. Qg4 Qd7 17. Rf3 d5 18. exd5 Bxd5 19. Rg3 Bc6 20. Rb1 e6 21. fxe6
fxe6 22. Be3 Rf5 23. Qe2 Be5 24. Rg4 Qd6 25. Nxg6 hxg6 26. Rxg6+ Kf7 27. Qg4
Rh8 28. h3 Rxh3+ 29. Qxh3 Kxg6 30. Qh6+ Kf7 31. Qh7+ Bg7 0-1

[Event "2.BLN 1617 SV Werder Bremen - Glückauf"]
[Site "?"]
[Date "2017.04.23"]
[Round "8.3"]
[White "Dudzinski, Piotr"]
[Black "Richter, Christian"]
[Result "1-0"]
[WhiteElo "2339"]
[BlackElo "2364"]
[PlyCount "65"]
[EventDate "2017.??.??"]

1. e4 e5 2. Nf3 Nc6 3. Bc4 Bc5 4. c3 Nf6 5. d3 a6 6. O-O Ba7 7. Bb3 d6 8. Nbd2
O-O 9. Re1 Ng4 10. Re2 Kh8 11. Nf1 f5 12. exf5 Bxf5 13. Ng3 Bd7 14. d4 exd4 15.
cxd4 Nxf2 16. Rxf2 Nxd4 17. Be3 Nxb3 18. Qxb3 Be6 19. Qc3 Bxe3 20. Qxe3 Qd7 21.
Ng5 Rxf2 22. Qxf2 Bg8 23. Rf1 Bxa2 24. Nh5 h6 25. Nf7+ Bxf7 26. Qxf7 Qg4 27.
Nf4 Kh7 28. Ne6 c5 29. h3 Qg3 30. Rf3 Qe1+ 31. Kh2 Rg8 32. Ng5+ Kh8 33. Qg6 1-0

[Event "2.BLN 1617 SV Werder Bremen - Glückauf"]
[Site "?"]
[Date "2017.04.23"]
[Round "8.4"]
[White "Grigorian, Spartak"]
[Black "Wlodarczyk, Oskar"]
[Result "0-1"]
[WhiteElo "2338"]
[BlackElo "2289"]
[PlyCount "68"]
[EventDate "2017.??.??"]

1. d4 c5 2. e4 cxd4 3. Nf3 e5 4. c3 dxc3 5. Nxc3 d6 6. Bc4 Nc6 7. O-O Be7 8.
Be3 Nf6 9. b4 O-O 10. Qb3 a6 11. a4 a5 12. b5 Nb4 13. h3 Nxe4 14. Bxf7+ Rxf7
15. Nxe4 h6 16. Rfd1 Qf8 17. Rac1 Kh8 18. Bb6 Rf4 19. Nfd2 d5 20. Ng3 Rf6 21.
Bc7 e4 22. Be5 Rg6 23. Bd4 Nd3 24. Rc3 Nf4 25. Ndf1 Be6 26. Qc2 h5 27. Be3
Nxh3+ 28. gxh3 h4 29. Kh2 Bd6 30. Qe2 Qf5 31. Kg1 hxg3 32. fxg3 Bxg3 33. Kh1
Qxh3+ 34. Nh2 Bg4 0-1

[Event "2.BLN 1617 SV Werder Bremen - Glückauf"]
[Site "?"]
[Date "2017.04.23"]
[Round "8.5"]
[White "Sroczynski, Maciej"]
[Black "Charmeteau, Sven"]
[Result "1-0"]
[WhiteElo "2305"]
[BlackElo "2318"]
[PlyCount "103"]
[EventDate "2017.??.??"]

1. d4 Nf6 2. c4 g6 3. Nc3 d5 4. Nf3 Bg7 5. Qb3 dxc4 6. Qxc4 O-O 7. e4 a6 8. Qb3
c5 9. dxc5 Qa5 10. Qb6 Qxb6 11. cxb6 Nbd7 12. h3 Nc5 13. e5 Nfd7 14. Be3 Ne6
15. Nd5 Re8 16. Nd4 Bxe5 17. Nxe6 fxe6 18. Nc7 Bxc7 19. bxc7 Nf6 20. Bc4 Kf7
21. Rc1 Bd7 22. O-O Bc6 23. Rfe1 Bd5 24. a4 Rec8 25. Bf4 Bxc4 26. Rxc4 a5 27.
Re3 Ra7 28. Rf3 Ke8 29. Be5 Nd7 30. Rd4 Raa8 31. Bg3 e5 32. Rc4 Ra6 33. Rb3 Rc6
34. Rxc6 bxc6 35. Rb7 Kf7 36. Ra7 Ke6 37. f4 exf4 38. Bxf4 Kd5 39. Bd2 Nb6 40.
b3 Kd6 41. Bxa5 Nd7 42. b4 Ne5 43. Bb6 Nd7 44. a5 c5 45. Bxc5+ Nxc5 46. bxc5+
Kxc5 47. Kf2 Kc6 48. Ke3 Rf8 49. Ke4 Kd6 50. Rb7 e5 51. g3 Kd7 52. Rb8 1-0

[Event "2.BLN 1617 SV Werder Bremen - Glückauf"]
[Site "?"]
[Date "2017.04.23"]
[Round "8.6"]
[White "Asendorf, Joachim"]
[Black "Szyszylo, Rafal"]
[Result "1/2-1/2"]
[WhiteElo "2253"]
[BlackElo "2225"]
[PlyCount "68"]
[EventDate "2017.??.??"]

1. c4 g6 2. g3 Bg7 3. Bg2 d6 4. Nc3 Nf6 5. e4 O-O 6. Nge2 e5 7. d3 Be6 8. O-O
Qd7 9. f4 Bh3 10. f5 Bxg2 11. Kxg2 c6 12. h3 d5 13. cxd5 cxd5 14. Bg5 d4 15.
Bxf6 Bxf6 16. Nd5 Bg7 17. Rc1 Na6 18. g4 Rfc8 19. Qd2 Nc7 20. Nxc7 Rxc7 21.
Rxc7 Qxc7 22. Rc1 Qe7 23. Ng3 Bf6 24. Qa5 Bh4 25. Rc2 b6 26. Qd2 Bg5 27. Qe2
Qd7 28. Rc4 Bf4 29. Qc2 Qd8 30. Rc7 Qh4 31. Qf2 Qd8 32. Qc2 Qh4 33. Qf2 Qd8 34.
Qc2 Qh4 1/2-1/2